Statistiques concernant Discographie de Mika (2007-2023)

Cliquez ici pour prendre le quiz!

Statistiques générales

  • Ce quiz a été pris 61 fois
  • Le résultat moyen est 35 sur 74

Statistiques - réponses

Réponse% Correct
Grace Kelly
95%
Relax, Take It Easy
92%
Elle me dit
90%
Lollipop
82%
Big Girl (You Are Beautiful)
79%
C'est la Vie
79%
Underwater
79%
Boum Boum Boum
74%
Happy Ending
74%
Rain
74%
We Are Golden
74%
Apocalypse Calypso
72%
Moi, Andy et Paris
72%
Sweetie banana
72%
Bougez
69%
Love Today
69%
Origin Of Love
69%
Jane Birkin
67%
Ice Cream
62%
Popular Song
62%
30 secondes
59%
Tiny Love
59%
Any Other World
56%
Talk About You
56%
Amour pirate
54%
My Interpretation
54%
No Place In Heaven
54%
Billy Brown
51%
Doucement
51%
Blue
49%
Paloma
49%
Tomorrow
49%
Good Guys
46%
Je sais que je t'aime
46%
Passager
46%
Touche Touche
46%
Blame It On The Girls
44%
Dr. John
44%
Stardust
44%
Tiny Love Reprise
44%
Dear Jealousy
41%
Emily
41%
Love You When I'm Drunk
41%
Staring At The Sun
41%
Cry
38%
Lola
38%
Celebrate
36%
I See You
36%
Last Party
36%
Overrated
36%
Ring RIng
36%
Sanremo
36%
Heroes
33%
Hurts
33%
Platform Ballerinas
33%
Stay High
33%
All She Wants
31%
I Went To Hell Last Night
31%
Kids
31%
Les Baisers Perdus
31%
Good Gone Girl
28%
Good Wife
28%
J'ai pas envie
28%
L'Amour Fait Ce Qu'il Veut
28%
Step With Me
28%
Stuck In The Middle
28%
Ready To Call This Love
26%
Oh Girl You're The Devil
23%
One Foot Boy
23%
Ordinary Man
23%
Touches You
23%
Tah Dah
18%
Bleu Eyes
5%
Makes You Happy - French Version
0%

Distribution des résultats

Percentile par nombre de réponses

% des personnes avec chaque résultat

Votre développement - résultats

Vous n’avez pas pris ce quiz